| 000 | 00428nam a2200157Ia 4500 | ||
|---|---|---|---|
| 005 | 20250317014656.0 | ||
| 008 | 240331s9999 xx 000 0 und d | ||
| 020 | _a9559722700 | ||
| 082 |
_bCAS _a894 |
||
| 100 | _aCasim,N.N | ||
| 245 | 0 | _aDamila kaviyehi Sri Lankika salakuna Jeyapalan | |
| 260 |
_aColombo _bNilar N cassim _c2000 |
||
| 300 | _a126 p ., | ||
| 500 | _aA book of Tamil poems translated into Sinhala | ||
| 942 | _cL | ||
| 999 |
_c5340 _d5340 |
||